[Event "UKR-ch"]
[Site "Simferopol"]
[Date "2003.11.10"]
[Round "7"]
[White "Ivanov, Andrey A"]
[Black "Kononenko, Dmitry1111"]
[Result "1-0"]
[WhiteElo "2311"]
[BlackElo "2151"]
[PlyCount "91"]
[EventDate "2003.11.04"]
[EventType "swiss"]
[EventRounds "9"]
[EventCountry "UKR"]
[SourceTitle "CBM 097 Extra"]
[Source "ChessBase"]
[SourceDate "2004.01.13"]
[SourceVersion "1"]
[SourceVersionDate "2004.01.13"]
[SourceQuality "1"]

1. c4 e5 2. g3 f5 3. Bg2 Nf6 4. Nc3 d6 5. e3 c6 6. Nge2 Be7 7. d3 a5 8. 0-0 0-0 9. f4 Be6 10. b3 Na6 11. Bb2 Qb6 12. Qd2 Ng4 13. Nd1 Bf6 14. h3 Nh6 15. Ndc3 Rad8 16. Kh2 g5 17. Rae1 Qc7 18. e4 exf4 19. gxf4 g4 20. Ng3 Nc5 21. d4 Nxe4 22. Ncxe4 fxe4 23. f5 Nxf5 24. Nxf5 Bxf5 25. Rxf5 Be5+ 26. dxe5 Rxf5 27. hxg4 dxe5 28. Qh6 Rd6 29. Qe3 Rf4 30. Bxe5 Rxg4 31. Qh3 Qd7 32. Bxd6 Qxd6+ 33. Kh1 h5 34. Qe3 Qg6 35. Bh3 Rg3 36. Rg1 h4 37. Rxg3 hxg3 38. Kg2 Kf8 39. Qf4+ Ke8 40. Qb8+ Ke7 41. Qxb7+ Kf8 42. Qb8+ Ke7 43. Qc7+ Kf8 44. Qd8+ Kf7 45. Qd7+ Kf8 46. Qf5+ 1-0

[Event "UKR-ch"]
[Site "Simferopol"]
[Date "2003.11.09"]
[Round "6"]
[White "Zavgorodniy, Sergiy"]
[Black "Ivanov, Andrey A"]
[Result "1-0"]
[WhiteElo "2418"]
[BlackElo "2311"]
[PlyCount "77"]
[EventDate "2003.11.04"]
[EventType "swiss"]
[EventRounds "9"]
[EventCountry "UKR"]
[SourceTitle "CBM 097 Extra"]
[Source "ChessBase"]
[SourceDate "2004.01.13"]
[SourceVersion "1"]
[SourceVersionDate "2004.01.13"]
[SourceQuality "1"]

1. e4 e5 2. Nf3 d6 3. d4 exd4 4. Nxd4 Nf6 5. Nc3 Be7 6. Qf3 Nc6 7. Bb5 Bd7 8. Bxc6 bxc6 9. e5 dxe5 10. Nxc6 Bxc6 11. Qxc6+ Kf8 12. 0-0 Bd6 13. Be3 Qe8 14. Qc4 Kg8 15. Rad1 a6 16. Bg5 Rb8 17. Bxf6 gxf6 18. Ne4 Qe6 19. Qxa6 Rb6 20. Qa4 Kg7 21. b3 f5 22. Nxd6 cxd6 23. Qa5 Rhb8 24. c4 Kh8 25. f4 e4 26. Rd5 f6 27. Rxf5 e3 28. Qd5 Qxd5 29. Rxd5 Ra8 30. Re1 Rxa2 31. Rxe3 Rb2 32. Rb5 Ra6 33. h3 Kg7 34. Rg3+ Kf7 35. f5 h5 36. Rb7+ Kf8 37. Rg6 d5 38. Rh6 Kg8 39. Rb8+ 1-0

[Event "UKR-ch"]
[Site "Simferopol"]
[Date "2003.11.04"]
[Round "1"]
[White "Ivanov, Andrey A"]
[Black "Zubov, Alexander"]
[Result "0-1"]
[WhiteElo "2311"]
[BlackElo "2521"]
[PlyCount "117"]
[EventDate "2003.11.04"]
[EventType "swiss"]
[EventRounds "9"]
[EventCountry "UKR"]
[SourceTitle "CBM 097 Extra"]
[Source "ChessBase"]
[SourceDate "2004.01.13"]
[SourceVersion "1"]
[SourceVersionDate "2004.01.13"]
[SourceQuality "1"]

1. e4 g6 2. d4 Bg7 3. Nf3 d6 4. Nc3 Nf6 5. Be3 Nc6 6. d5 Nb8 7. Qd2 c6 8. Bh6 Bxh6 9. Qxh6 Qb6 10. Rb1 Qxf2+ 11. Kxf2 Ng4+ 12. Kg3 Nxh6 13. Bd3 Ng4 14. Rhe1 Ne5 15. Nxe5 dxe5 16. dxc6 bxc6 17. Na4 Nd7 18. b4 e6 19. Nc5 Nxc5 20. bxc5 Ke7 21. Rb4 Rd8 22. Reb1 Rd7 23. a4 a5 24. Rb6 Rc7 25. Kf3 h5 26. h4 f5 27. g3 Kf6 28. Ke3 g5 29. hxg5+ Kxg5 30. Be2 Bd7 31. Rd1 Rh8 32. Bf3 h4 33. gxh4+ Rxh4 34. Rb8 Rh2 35. Rg1+ Kf6 36. Rbg8 Rh7 37. Rf8+ Ke7 38. Ra8 Rb7 39. Rxa5 Rh2 40. Rg2 Rh3 41. Ra8 fxe4 42. Kxe4 Rb4+ 43. Ke3 e4 44. Rg7+ Kf6 45. Rxd7 Rxf3+ 46. Kd2 Rc4 47. a5 Rf2+ 48. Ke3 Rf3+ 49. Kd2 Rf2+ 50. Ke3 Rfxc2 51. Rh8 R2c3+ 52. Ke2 Ra4 53. Rh6+ Kf5 54. Kd2 Rg3 55. Rf7+ Ke5 56. Ke2 Ra2+ 57. Kf1 e3 58. Rff6 e2+ 59. Kf2 0-1

[Event "Kharkov Caissa op"]
[Site "Kharkov"]
[Date "2003.01.23"]
[Round "3"]
[White "Iljin, Timofey"]
[Black "Ivanov, Andrey A"]
[Result "1-0"]
[WhiteElo "2119"]
[BlackElo "2323"]
[PlyCount "59"]
[EventDate "2003.01.21"]
[EventType "swiss"]
[EventRounds "9"]
[EventCountry "UKR"]
[SourceTitle "CBM 092 Extra"]
[Source "ChessBase"]
[SourceDate "2003.03.07"]
[SourceVersion "1"]
[SourceVersionDate "2003.03.07"]
[SourceQuality "1"]

1. d4 Nf6 2. c4 c5 3. d5 e6 4. Nc3 exd5 5. cxd5 d6 6. e4 g6 7. f4 Bg7 8. Nf3 0-0 9. Be2 Bg4 10. 0-0 Re8 11. e5 dxe5 12. fxe5 Bxf3 13. Bxf3 Rxe5 14. Bf4 Rf5 15. Qd2 h5 16. Nb5 Na6 17. d6 Qb6 18. a4 Rd8 19. h3 h4 20. Bh2 Nb4 21. Rad1 Nc6 22. Kh1 a6 23. Nc3 Nd4 24. Be2 Qb3 25. Bd3 Rxf1+ 26. Rxf1 Ne6 27. Qf2 Rd7 28. Bb1 Qb4 29. Re1 Qd4 30. Qf1 1-0

[Event "Lasker Memorial op"]
[Site "Barlinek"]
[Date "2002.07.27"]
[Round "9"]
[White "Krupa, Monika"]
[Black "Ivanov, Andrey A"]
[Result "1-0"]
[WhiteElo "2211"]
[BlackElo "2324"]
[PlyCount "39"]
[EventDate "2002.07.19"]
[EventType "swiss"]
[EventRounds "9"]
[EventCountry "POL"]
[SourceTitle "CBM 089 Extra"]
[Source "ChessBase"]
[SourceDate "2002.09.10"]
[SourceVersion "2"]
[SourceVersionDate "2002.09.10"]
[SourceQuality "1"]

1. e4 e6 2. d4 d5 3. Nd2 Nf6 4. e5 Nfd7 5. Bd3 c5 6. c3 Nc6 7. Ndf3 cxd4 8. cxd4 f6 9. Bf4 Bb4+ 10. Kf1 0-0 11. g3 Be7 12. h4 Qb6 13. Ng5 fxg5 14. Bxh7+ Kxh7 15. hxg5+ Kg8 16. Qh5 Rf5 17. Qh8+ Kf7 18. g6+ Kxg6 19. Qg8 Nf8 20. Rh6# 1-0

[Event "Lasker Memorial op"]
[Site "Barlinek"]
[Date "2002.07.24"]
[Round "6"]
[White "Ivanov, Andrey A"]
[Black "Akvist, Hakan"]
[Result "0-1"]
[WhiteElo "2324"]
[BlackElo "2281"]
[PlyCount "126"]
[EventDate "2002.07.19"]
[EventType "swiss"]
[EventRounds "9"]
[EventCountry "POL"]
[SourceTitle "CBM 089 Extra"]
[Source "ChessBase"]
[SourceDate "2002.09.10"]
[SourceVersion "2"]
[SourceVersionDate "2002.09.10"]
[SourceQuality "1"]

1. e4 e6 2. b3 d5 3. Bb2 dxe4 4. Nc3 Nf6 5. g4 h6 6. Bg2 Be7 7. Nxe4 Nxe4 8. Bxe4 Bf6 9. c3 c5 10. Qe2 Qc7 11. Nf3 Bd7 12. d4 cxd4 13. Nxd4 a6 14. 0-0-0 Nc6 15. Nf5 Be5 16. Bxc6 Bxc6 17. Rhe1 Bf4+ 18. Kb1 0-0 19. Ng3 Rad8 20. c4 Rxd1+ 21. Rxd1 g6 22. Ne4 Bxe4+ 23. Qxe4 Bxh2 24. Qd4 e5 25. Qd7 Rc8 26. Ba3 e4 27. Qxc7 Rxc7 28. Rd8+ Kg7 29. Bb2+ f6 30. Re8 Kf7 31. Rxe4 Re7 32. Rxe7+ Kxe7 33. Kc2 h5 34. gxh5 gxh5 35. Kd3 h4 36. Ke4 h3 37. Kf3 f5 38. Bd4 Ke6 39. Bb6 Be5 40. Ba7 Kd7 41. Be3 Kc6 42. a4 a5 43. Bd2 Bc7 44. Be3 Be5 45. Bd2 Bc7 46. Be3 Kd7 47. Bc5 Ke6 48. Bd4 Kd7 49. Be3 Kc6 50. Bd2 Kc5 51. Bc3 b6 52. Bd2 Kd4 53. Bg5 Kc3 54. Bh4 Kxb3 55. Bg3 f4 56. Bh2 Kxa4 57. Kg4 Kb3 58. Kxh3 a4 59. Kg4 a3 60. Bxf4 Bxf4 61. Kxf4 a2 62. Kg5 a1Q 63. f4 Qg7+ 0-1

[Event "UKR-ch"]
[Site "Alushta"]
[Date "2002.05.09"]
[Round "7"]
[White "Zubov, Alexander"]
[Black "Ivanov, Andrey A"]
[Result "1-0"]
[WhiteElo "2478"]
[BlackElo "2327"]
[PlyCount "115"]
[EventDate "2002.05.02"]
[EventType "swiss"]
[EventRounds "9"]
[EventCountry "UKR"]
[SourceTitle "EXT 2003"]
[Source "ChessBase"]
[SourceDate "2002.11.25"]
[SourceVersion "1"]
[SourceVersionDate "2002.11.25"]
[SourceQuality "1"]

1. e4 e5 2. Nf3 d6 3. d4 exd4 4. Nxd4 Nf6 5. Nc3 Be7 6. Be2 0-0 7. 0-0 Nc6 8. Nb3 Ne5 9. f4 Ng6 10. Kh1 Re8 11. Qd3 Bf8 12. f5 Ne5 13. Qg3 c6 14. a4 Kh8 15. Bg5 h6 16. Bf4 Nfd7 17. Rad1 Be7 18. Qh3 Kg8 19. Nd4 b6 20. Nf3 Bg5 21. Nxg5 hxg5 22. Bc1 Qe7 23. Qh5 g4 24. Bg5 f6 25. Bf4 a6 26. Rxd6 Qf7 27. Qxf7+ Kxf7 28. b4 Bb7 29. Rfd1 Re7 30. Kg1 Ke8 31. Kf2 Nf7 32. Re6 Nde5 33. Kg3 Bc8 34. Rxe7+ Kxe7 35. Bxg4 Bb7 36. Be2 b5 37. Be3 Nd7 38. Kf2 Nfe5 39. g4 Rh8 40. Kg3 Rc8 41. Rd2 c5 42. bxc5 Nxc5 43. axb5 axb5 44. Bxc5+ Rxc5 45. Nxb5 Bxe4 46. Nd4 g5 47. fxg6 Rc3+ 48. Kf4 Bxg6 49. h4 Be8 50. Nf5+ Kf8 51. Rd8 Rxc2 52. Bb5 Nc6 53. Rc8 Rc5 54. Nd6 Ke7 55. Rxe8+ Kxd6 56. Bxc6 Rxc6 57. Kf5 Kd7 58. Re4 1-0

[Event "UKR-ch"]
[Site "Alushta"]
[Date "2002.05.06"]
[Round "4"]
[White "Ivanov, Andrey A"]
[Black "Nominas, Kirill"]
[Result "1-0"]
[WhiteElo "2327"]
[BlackElo "2126"]
[PlyCount "51"]
[EventDate "2002.05.02"]
[EventType "swiss"]
[EventRounds "9"]
[EventCountry "UKR"]
[SourceTitle "EXT 2003"]
[Source "ChessBase"]
[SourceDate "2002.11.25"]
[SourceVersion "1"]
[SourceVersionDate "2002.11.25"]
[SourceQuality "1"]

1. e4 c5 2. Nf3 d6 3. d4 cxd4 4. Nxd4 Nf6 5. f3 a6 6. c4 e6 7. Nc3 Be7 8. Be3 Qc7 9. Be2 Nbd7 10. 0-0 0-0 11. Qe1 b6 12. Qf2 Bb7 13. Rfc1 Rac8 14. Rab1 Qb8 15. b4 Bd8 16. Na4 Bc7 17. g3 Ba8 18. c5 b5 19. Nc3 dxc5 20. bxc5 Nxc5 21. Ndxb5 Bb6 22. Na3 Bxe4 23. Rxb6 Qxb6 24. Nxe4 Nfxe4 25. fxe4 Qb2 26. Nc4 1-0

[Event "Kiev Independence Cup 1st"]
[Site "Kiev"]
[Date "2001.08.22"]
[Round "?"]
[White "Fingerov, Dmitry"]
[Black "Ivanov, Andrey A"]
[Result "0-1"]
[WhiteElo "2407"]
[BlackElo "2290"]
[PlyCount "57"]
[EventDate "2001.08.??"]
[EventType "swiss"]
[EventRounds "11"]
[EventCountry "UKR"]
[SourceTitle "EXT 2003"]
[Source "ChessBase"]
[SourceDate "2002.11.25"]
[SourceVersion "1"]
[SourceVersionDate "2002.11.25"]
[SourceQuality "1"]

1. d4 Nf6 2. Nf3 d6 3. b3 g6 4. Bb2 Bg7 5. g3 c6 6. Bg2 0-0 7. 0-0 Qa5 8. Nbd2 Qh5 9. Re1 Bh3 10. e4 Nbd7 11. e5 Ng4 12. Nh4 Bxg2 13. Kxg2 dxe5 14. h3 Ngf6 15. Qxh5 Nxh5 16. dxe5 Rfd8 17. Nc4 Nb6 18. Na5 Rd7 19. Rad1 Rad8 20. Rxd7 Rxd7 21. Ba3 Bh6 22. Nf3 Ng7 23. Kf1 Ne6 24. Ke2 c5 25. Rd1 Rc7 26. Ne1 Kf8 27. Nd3 Ke8 28. f4 Nd7 29. Nc4 0-1